| 000 | 00347nam a22001457a 4500 | ||
|---|---|---|---|
| 020 | _a81-8274-646-9 | ||
| 082 |
_a425 _bSCH/B |
||
| 100 | _aEMERY, ROBERT W. | ||
| 100 | _aCROSBY, HARRY H | ||
| 245 | _aBETTER SPELLING IN 30 MINUTES A DAY | ||
| 260 |
_aDELHI _bPENTAGON PRESS |
||
| 300 | _a185 | ||
| 650 |
_aPHONICS& SPELLING _zDELHI |
||
| 942 | _cBK | ||
| 999 |
_c4045 _d4045 |
||